|
|
|
|
| LEADER |
00748cam a2200205 7i4500 |
| 001 |
0000043854 |
| 005 |
20121102090000.0 |
| 020 |
|
|
|a 9789791486194 (pbk.)
|
| 090 |
0 |
0 |
|a LB1570
|b .S36 2008
|
| 100 |
1 |
|
|a Sanjaya, Wina
|
| 245 |
1 |
0 |
|a Kurikulum dan pembelajaran :
|b teori dan praktik pengembangan kurikulum tingkat satuan pendidikan (KTSP)
|c Prof Dr. H. Wina Sanjaya.
|
| 260 |
|
|
|a Jakarta:
|b Kencana,
|c 2008.
|
| 300 |
|
|
|a xviii, 379 p.;
|c 23 cm.
|
| 650 |
0 |
0 |
|a Curriculum planning
|
| 650 |
0 |
0 |
|a Education --
|x Curricula
|
| 650 |
0 |
0 |
|a Education --
|x Aims and objectives
|
| 997 |
|
|
|a Centre for Graduate Studies
|
| 998 |
|
|
|a Education Management, Master
|
| 998 |
|
|
|a Curriculum Management, Master
|
| 999 |
|
|
|a 0000053956
|b BOK
|c OPEN SHELF
|e 1st Floor, Shah Alam
|